000 01511nam a22002897a 4500
005 20080710112735.0
008 080611t xxu||||| |||| 00| 0 eng d
010 _aB-269939-942
020 _c6875.00 (a set of 4 vols.)
035 _aB-269939-942
037 _bGrolier International/7.5.08/12/8.4.08/5.6.08/6250.00 (set of 4 vol.)
040 _aDPL
_bEN
082 _a483
100 _aDisney, Walt
245 _aWords that name things /
_cby Walt Disney
260 _bGrolier Enterprises
_c2007
_aDanbury
270 _aDanbury, Connecticut
300 _a159p.:
_c26 cm (Hb)
_bcol. ill.
700 _a
942 _cCH
_h483
_2ddc
_mDIS
999 _c14253
_d14253